Book, Movie, Song: 'B' Words Quiz Stats

 Plays Quiz Updated Feb 8, 2015

Challenge
Share
Tweet
Embed
Score 0/24 Timer 04:00
0 Plays Today
% Correct
Book, Babette's, Bleed
87.4%
Blowin', Brave, Bachelor
85.1%
Beast, Best, Bovary
80.1%
Brick, Bones, Barefoot
80%
Basketball, Bites, Bees
79.9%
Bagdad, Brilliant, Brooklyn
79.2%
Baby, Breaking, Battleship
75.8%
Black, Boleyn, Bicycle
75.5%
Balance, Beat, Beat
74%
Bible, Banger, Brown
71.6%
Bend, Boom, Breakfast
71.5%
Being, Battlefield, Broadway
69.2%
% Correct
Band, Birds, Beau
67.8%
Beauty, Basket, Bluest
66.1%
Big, Boardwalk, Blackbird
66%
Big, Before, Born
65.9%
Block, Beach, Being
65.4%
Budapest, Brain, Big
65.3%
Bleak, Blow, Back
64%
Boy, Billy, Blueberry
63.2%
Bird, Bedtime, Boy
62.1%
Bronco, Big, Brideshead
62.1%
Bel, Betty, Bad
56.8%
Brain, Book, Bishop's
46.1%

You're not logged in!

Compare scores with friends on all Sporcle quizzes.
OR
Log In

You Might Also Like...

Show Comments

Extras

Top Quizzes Today


Score Distribution

Your Account Isn't Verified!

In order to create a playlist on Sporcle, you need to verify the email address you used during registration. Go to your Sporcle Settings to finish the process.

Report this User

Report this user for behavior that violates our Community Guidelines.

Details: